| 000 | 00652nam a22002052 4500 | ||
|---|---|---|---|
| 001 | 0000006999 | ||
| 005 | 20151217152019.0 | ||
| 008 | 071106s xx 000 0 eng d | ||
| 020 |
_a0821348914 : _cKES 900 |
||
| 040 |
_aKABU _cKABU |
||
| 245 | 1 | 0 |
_aInvesting in people : _bsustaining communities through improved business practice. |
| 260 |
_aWashington, D. C. : _bIFC, _c2000. |
||
| 300 |
_a76 p. ; _c. |
||
| 650 | 0 |
_aCommunity development. _@0000152865 |
|
| 650 | 0 |
_aEconomic development. _@0000150073 |
|
| 650 | 0 |
_aSustainable development. _@0000150129 |
|
| 908 | _a071106 | ||
| 950 | _@1 | ||
| 999 |
_c7338 _d7338 |
||